Prístupy k oceňovaniu a vykazovaniu záväzkov a optimálnej alokácii majetku pri programoch s definovanými požitkami

Oceňovanie záväzkov v rámci programov so stanovenými požitkami. Odlišné prístupy k oceňovaniu záväzkov v rámci programov so stanovenými požitkami. Rozdielne prístupy prezentácie penzijných programov. Alokácia majetku penzijného fondu.

Na minha lista:
Detalhes bibliográficos
Autor principal: Kucková, Alena
Outros Autores: Števková, Lucia
Formato: Capítulo de Livro
Idioma:eslovaco
Assuntos:
Tags: Adicionar Tag
Sem tags, seja o primeiro a adicionar uma tag!

MARC

LEADER 00000nla$a2200000$$$4500
001 0104313
005 20240502072137.0
041 0 |a slo 
044 |a SK 
245 1 0 |a Prístupy k oceňovaniu a vykazovaniu záväzkov a optimálnej alokácii majetku pri programoch s definovanými požitkami  |c Alena Kucková, Lucia Števková 
520 |a Oceňovanie záväzkov v rámci programov so stanovenými požitkami. Odlišné prístupy k oceňovaniu záväzkov v rámci programov so stanovenými požitkami. Rozdielne prístupy prezentácie penzijných programov. Alokácia majetku penzijného fondu. 
610 2 0 |a podnik 
610 2 0 |a politika dôchodková 
610 2 0 |a systémy dôchodkové 
610 2 0 |a fondy penzijné 
610 2 0 |a záväzky 
610 2 0 |a požitky 
610 2 0 |a zamestnanci 
610 2 0 |a majetok 
610 2 0 |a sadzby diskontné 
610 2 0 |a ekonómovia 
610 2 0 |a aktuári 
100 1 |a Kucková, Alena 
700 1 |a Števková, Lucia